00647nam a2200241 a 4500001001300000003000900013005001700022008004100039020000800080082001300088100001700101245002100118260003500139300000900174500003500183505001000218650002000228700001700248902000800265942000700273952011000280999001500390nice12345678IN_TiNIC20260116012702.0050524s1974 newa grp 000 0 eng  ac700a930bMUJ aMujeeb, Mohd aDuniya Ki Kahani aNew DelhibMaktaba Jamiac1974 a203p aincludes index and biblioraphy2 aIndex aHistory-Ancient1 aMujeeb, Mohd bSRS cBK 001040708StackRoom-aHMIbHMId2007-06-06g7.00l0o930 MUJp011397r2007-06-06v7.00w2005-05-24yBK c7944d7944